El niño y sus juegos /

Guardado en:
Autor Principal: Aberastury, Arminda
Formato: Libro
Publicado: Buenos Aires : Paidós
Edición:2a. ed.
Series:Paidós Educador
Materias:
Etiquetas: Agregar Etiqueta
Sin Etiquetas, Sea el primero en etiquetar este registro!
LEADER 00758nam a22002295a 4500
001 CEM.cems011675
005 20070813112357.0
008 130507b######################000#0#####d
003 CEMS
020 |a 9501224996 
082 0 4 |a 136.7 
100 1 |a Aberastury, Arminda 
245 1 0 |a El niño y sus juegos /  |c Arminda Aberastury ; ilustración Fotográfica de Andy Goldstein 
250 |a 2a. ed. 
260 |a Buenos Aires :  |b Paidós 
300 |a 96 p. 
490 0 |a Paidós Educador 
505 0 |a El niño trae al nacer -- Cuando el bebé nace -- Jugar -- Tazas, platos -- Varones y niñas 
653 |a Niño-juegos 
653 |a Psicología evolutiva 
653 |a Psicología del niño 
859 |a CEMS  |b BIB. CEMS - 11 de abril  |h 136.7  |i AB37a  |p 22632.04  |t Ej.1  |v 2  |3 2